000 00251nam a2200109Ia 4500
008 190216s9999||||xx |||||||||||||| ||und||
100 _aRomila Thapar
245 0 _aHistory Of India Part I
260 _bPenguin Books
650 _aHistory
942 _cBK
999 _c19095
_d19095